000 01160nam a2200313Ia 4500
001 ebr10279495
003 CaPaEBR
006 m u
007 cr cn|||||||||
008 770510s1977 nyua sb 001 0 eng d
010 _z 76042666
020 _z0195021509
020 _z9780195021509
040 _aCaPaEBR
_cCaPaEBR
035 _a(OCoLC)252583451
050 1 4 _aPN4162
_b.A6 1977eb
100 1 _aAnderson, Virgil A.
_q(Virgil Antris),
_db. 1899.
245 1 0 _aTraining the speaking voice
_h[electronic resource] /
_cby Virgil A. Anderson.
250 _a3d ed.
260 _aNew York :
_bOxford University Press,
_c1977.
300 _axiv, 475 p. :
_bill.
504 _aIncludes bibliographical references and index.
533 _aElectronic reproduction.
_bPalo Alto, Calif. :
_cebrary,
_d2009.
_nAvailable via World Wide Web.
_nAccess may be limited to ebrary affiliated libraries.
650 0 _aVoice culture.
650 0 _aVoice.
655 7 _aElectronic books.
_2local
710 2 _aebrary, Inc.
856 4 0 _uhttp://site.ebrary.com/lib/rucke/Doc?id=10279495
_zAn electronic book accessible through the World Wide Web; click to view
999 _c4535
_d4535